| 000 | 01038nam a2200265Ia 4500 | ||
|---|---|---|---|
| 003 | OSt | ||
| 005 | 20220923211128.0 | ||
| 006 | a|||||r|||| 00| 0 | ||
| 007 | ta | ||
| 008 | 220922b |||||||| |||| 00| 0 hin d | ||
| 020 |
_a8185073120 (hbk) _c400 |
||
| 024 | _a353,564 | ||
| 037 |
_b1860, 12/03/2021, Bright Book Service _cTextual |
||
| 040 |
_aARTS _cARTS _bhin |
||
| 041 |
_2hin _ahin |
||
| 082 | _aO31,1C5x, 152P8 | ||
| 100 | _aसेठ, रवीन्द्र कुमार, ले. | ||
| 245 | 0 |
_aतिरूक्कुरल _b तमिल का गौरव - ग्रंथ |
|
| 246 | _aTirūkkurala: tamil kā gaurav - grantha | ||
| 250 | _aद्वितीय संस्करण | ||
| 260 |
_aनई दिल्ली _b साहित्य शोध संस्थान _c2008 |
||
| 300 |
_a595पृ0 _ccm. |
||
| 942 |
_hO31,1C5x, 152P8 _cTEXL _2CC |
||
| 999 |
_c295714 _d295714 |
||